[Event "Muensterland Verbandsklasse 1920"]
[Site "Germany"]
[Date "2020.02.15"]
[Round "6.3"]
[White "Miethe, Christoph"]
[Black "Sicking, Norbert"]
[Result "1/2-1/2"]
[WhiteElo "1771"]
[BlackElo "1767"]
[PlyCount "97"]
[EventDate "2019.09.14"]
[EventType "team-tourn"]
[EventRounds "7"]
[EventCountry "GER"]
[SourceTitle "EXT 2023"]
[Source "ChessBase"]
[SourceDate "2022.10.05"]
[SourceVersion "1"]
[SourceVersionDate "2022.10.05"]
[SourceQuality "1"]
[WhiteTeam "Rheine Klein Berlin II"]
[BlackTeam "Heiden"]
[WhiteTeamCountry "GER"]
[BlackTeamCountry "GER"]

1. e4 g6 2. d4 Bg7 3. Nc3 d6 4. f4 c6 5. Nf3 Bg4 6. Be2 Qb6 7. e5 dxe5 8. fxe5 Nd7 9. h3 Bxf3 10. Bxf3 0-0-0 11. Bg4 e6 12. Bg5 Rf8 13. Ne4 h6 14. Nd6+ Kb8 15. Bh4 h5 16. Be2 f5 17. Nc4 Qc7 18. Qd3 Bh6 19. Qg3 g5 20. Bxg5 f4 21. Qh4 Bxg5 22. Qxg5 Nb6 23. Nxb6 axb6 24. Qg6 Rh6 25. Qe4 Qf7 26. Rf1 h4 27. 0-0-0 Ne7 28. c4 Ng6 29. Bg4 Qe7 30. a3 Kc7 31. Rfe1 Re8 32. Qc2 Qg5 33. Kb1 Rhh8 34. Bf3 Rd8 35. Qe4 Rhe8 36. b4 Ne7 37. b5 Qf5 38. Bg4 Qxe4+ 39. Rxe4 cxb5 40. cxb5 Nd5 41. Rc1+ Kb8 42. Kb2 Rd7 43. Kb3 Rf7 44. a4 Ka8 45. Ka3 Kb8 46. Kb3 Rfe7 47. Ka3 Rg8 48. Kb3 Ka7 49. Ka3 1/2-1/2

[Event "Muensterland Verbandsliga 1819"]
[Site "Germany"]
[Date "2018.11.03"]
[Round "3.4"]
[White "Sicking, Norbert"]
[Black "Spillmann, Peter"]
[Result "1/2-1/2"]
[WhiteElo "1799"]
[BlackElo "1881"]
[PlyCount "46"]
[EventDate "2018.09.01"]
[EventType "team-tourn"]
[EventRounds "9"]
[EventCountry "GER"]
[SourceTitle "EXT 2020"]
[Source "ChessBase"]
[SourceDate "2019.10.17"]
[SourceVersion "1"]
[SourceVersionDate "2019.10.17"]
[SourceQuality "1"]
[WhiteTeam "Heiden"]
[BlackTeam "Muenster IV"]
[WhiteTeamCountry "GER"]
[BlackTeamCountry "GER"]

1. d4 e6 2. g3 f5 3. Nf3 Nf6 4. Bg2 d5 5. b3 Bd6 6. 0-0 Qe7 7. Bb2 0-0 8. c4 c6 9. Nbd2 Nbd7 10. a4 a5 11. e3 Ne4 12. Qc1 b6 13. Ba3 Ba6 14. Re1 Bb4 15. Bf1 Rac8 16. Bxb4 Qxb4 17. Qc2 Qe7 18. Ne5 Nxe5 19. dxe5 Rfd8 20. Nxe4 dxe4 21. Red1 c5 22. Be2 Rc7 23. Rxd8+ Qxd8 1/2-1/2

[Event "Muensterland Verbandsliga 1718"]
[Site "Germany"]
[Date "2018.02.10"]
[Round "6.4"]
[White "Wetterau, Georg"]
[Black "Sicking, Norbert"]
[Result "1/2-1/2"]
[WhiteElo "1805"]
[BlackElo "1801"]
[PlyCount "58"]
[EventDate "2017.09.09"]
[EventType "team-tourn"]
[EventRounds "9"]
[EventCountry "GER"]
[SourceTitle "EXT 2019"]
[Source "ChessBase"]
[SourceDate "2018.10.10"]
[SourceVersion "1"]
[SourceVersionDate "2018.10.10"]
[SourceQuality "1"]
[WhiteTeam "Nienberge II"]
[BlackTeam "Heiden"]
[WhiteTeamCountry "GER"]
[BlackTeamCountry "GER"]

1. e4 d6 2. Nf3 g6 3. Bc4 e6 4. 0-0 Bg7 5. d3 Ne7 6. Bb3 0-0 7. c3 Nbc6 8. Be3 Bd7 9. a4 a6 10. d4 Qc8 11. a5 h6 12. Qd2 Kh7 13. e5 dxe5 14. dxe5 Ng8 15. Bc5 Rd8 16. Qe3 Nce7 17. Nbd2 Bc6 18. Qf4 Be8 19. Ne4 Nd5 20. Qh4 Rd7 21. c4 Nde7 22. Rfd1 Rxd1+ 23. Rxd1 Nc6 24. Nf6+ Kh8 25. Nxg8 Kxg8 26. Be3 Nxe5 27. Nxe5 Bxe5 28. Bxh6 Bc6 29. Bg5 Qf8 1/2-1/2

[Event "Muensterland Verbandsliga 1415"]
[Site "Germany"]
[Date "2014.09.06"]
[Round "1.5"]
[White "Sicking, Norbert"]
[Black "Waeltermann, Thomas"]
[Result "1/2-1/2"]
[WhiteElo "1761"]
[BlackElo "1775"]
[PlyCount "69"]
[EventDate "2014.09.06"]
[EventType "team-tourn"]
[EventRounds "9"]
[EventCountry "GER"]
[SourceTitle "EXT 2016"]
[Source "ChessBase"]
[SourceDate "2015.10.08"]
[SourceVersion "1"]
[SourceVersionDate "2015.10.08"]
[SourceQuality "1"]
[WhiteTeam "Heiden"]
[BlackTeam "Beelen"]
[WhiteTeamCountry "GER"]
[BlackTeamCountry "GER"]

1. Nf3 Nf6 2. g3 g6 3. Bg2 Bg7 4. 0-0 0-0 5. d4 d6 6. c3 Nbd7 7. Nbd2 c5 8. e4 Qc7 9. d5 b5 10. Re1 c4 11. Nd4 Rb8 12. a3 Nc5 13. Nc2 Nd3 14. Re2 Qb6 15. h3 Nh5 16. Nf1 Be5 17. Be3 Nxb2 18. Qb1 Qa5 19. Qxb2 Bxc3 20. Qa2 Bxa1 21. Qxa1 b4 22. axb4 Qxa1 23. Nxa1 Rxb4 24. Bxa7 c3 25. Re1 Ba6 26. Rc1 Ra8 27. Nc2 Ra4 28. Be3 Bd3 29. Nd4 c2 30. Nxc2 Rc8 31. Ne1 Rxc1 32. Bxc1 Bxe4 33. Bxe4 Rxe4 34. Ne3 Nf6 35. Bd2 1/2-1/2

[Event "Muensterland Verbandsklasse-B 1112"]
[Site "Germany"]
[Date "2011.12.10"]
[Round "4.1"]
[White "Sicking, Norbert"]
[Black "Voss, Norbert"]
[Result "1/2-1/2"]
[WhiteElo "1767"]
[BlackElo "1859"]
[PlyCount "28"]
[EventDate "2011.09.17"]
[EventType "team-tourn"]
[EventRounds "9"]
[EventCountry "GER"]
[SourceTitle "EXT 2013"]
[Source "ChessBase"]
[SourceDate "2012.11.22"]
[SourceVersion "1"]
[SourceVersionDate "2012.11.22"]
[SourceQuality "1"]
[WhiteTeam "Heiden II"]
[BlackTeam "Muenster IV"]
[WhiteTeamCountry "GER"]
[BlackTeamCountry "GER"]

1. Nf3 Nc6 2. g3 d5 3. d4 Bg4 4. Bg2 Qd7 5. 0-0 0-0-0 6. c3 f6 7. b4 e5 8. b5 Nce7 9. dxe5 Qxb5 10. Nd4 Qa6 11. exf6 Nxf6 12. f3 Bd7 13. Nd2 Nc6 14. N2b3 Ne5 1/2-1/2

[Event "Muensterland Verbandsklasse-B 1011"]
[Site "Germany"]
[Date "2011.04.09"]
[Round "9.1"]
[White "Wetterau, Georg"]
[Black "Sicking, Norbert"]
[Result "0-1"]
[WhiteElo "1899"]
[BlackElo "1761"]
[PlyCount "102"]
[EventDate "2010.09.18"]
[EventType "team-tourn"]
[EventRounds "9"]
[EventCountry "GER"]
[SourceTitle "EXT 2012"]
[Source "ChessBase"]
[SourceDate "2011.11.24"]
[SourceVersion "1"]
[SourceVersionDate "2011.11.24"]
[SourceQuality "1"]
[WhiteTeam "Nordwalde"]
[BlackTeam "Heiden II"]
[WhiteTeamCountry "GER"]
[BlackTeamCountry "GER"]

1. e4 Nc6 2. Nc3 e6 3. g3 Nf6 4. Bg2 Bc5 5. Nge2 e5 6. 0-0 a6 7. d3 Ng4 8. Nd5 Nxf2 9. Rxf2 Bxf2+ 10. Kxf2 0-0 11. Be3 Ne7 12. Nec3 b5 13. Nxe7+ Qxe7 14. Nd5 Qd8 15. Qh5 d6 16. Kg1 Be6 17. Rf1 Bxd5 18. exd5 g6 19. Qh6 f5 20. Bg5 Qd7 21. Bh3 Qf7 22. c4 bxc4 23. dxc4 Rab8 24. b3 a5 25. g4 f4 26. Qh4 a4 27. Bh6 axb3 28. axb3 Rfe8 29. Rb1 Rb6 30. g5 Qe7 31. Be6+ Kh8 32. Qg4 Qd8 33. Bd7 Re7 34. Bc6 Kg8 35. h4 Qb8 36. Qf3 Qa7 37. Qf2 Qa3 38. Bb5 Rb8 39. Kh2 Rf7 40. h5 e4 41. hxg6 hxg6 42. Qd4 f3 43. Rf1 Qxb3 44. Rf2 Qb1 45. Bd7 Rxd7 46. Qf6 e3 47. Qe6+ Rf7 48. Qxe3 Qf5 49. Kg3 Ra8 50. Qd4 Re8 51. c5 Qe5+ 0-1

[Event "Muensterland Verbandsklasse-B 1011"]
[Site "Germany"]
[Date "2011.01.08"]
[Round "5.1"]
[White "Rosing, Hermann"]
[Black "Sicking, Norbert"]
[Result "1-0"]
[WhiteElo "1984"]
[BlackElo "1761"]
[PlyCount "119"]
[EventDate "2010.09.18"]
[EventType "team-tourn"]
[EventRounds "9"]
[EventCountry "GER"]
[SourceTitle "EXT 2012"]
[Source "ChessBase"]
[SourceDate "2011.11.24"]
[SourceVersion "1"]
[SourceVersionDate "2011.11.24"]
[SourceQuality "1"]
[WhiteTeam "Ahaus Wessum"]
[BlackTeam "Heiden II"]
[WhiteTeamCountry "GER"]
[BlackTeamCountry "GER"]

1. e4 g6 2. d4 Bg7 3. Nc3 d6 4. f4 f5 5. e5 dxe5 6. dxe5 Qxd1+ 7. Nxd1 b6 8. Nf3 Bb7 9. Be2 Nc6 10. c3 Nd8 11. 0-0 e6 12. Nd4 a6 13. Bc4 Kf7 14. Ne3 Ne7 15. b4 Rc8 16. b5 axb5 17. Nxb5 Ndc6 18. Rd1 Rhd8 19. Ba3 Bh6 20. g3 g5 21. Rxd8 Nxd8 22. g4 gxf4 23. Nxf5 Nxf5 24. gxf5 f3 25. Kf2 Bf4 26. Rd1 Bxe5 27. Rd7+ Kf6 28. Be7+ Kxf5 29. Bxd8 Bc6 30. Nd4+ Bxd4+ 31. Rxd4 e5 32. Rd1 e4 33. Bh4 Ra8 34. Bg3 Ra3 35. Bb3 Ba4 36. Rd5+ Kg6 37. Bxa4 Rxa2+ 38. Ke3 Rxa4 39. Rd4 Ra3 40. Rxe4 Rxc3+ 41. Kd2 Rc5 42. Rf4 c6 43. Rxf3 Ra5 44. Kc2 c5 45. Kb2 c4 46. Rf8 b5 47. Rb8 h5 48. Be1 Ra6 49. Rxb5 Re6 50. Bg3 Re4 51. Kc3 h4 52. Bc7 Re7 53. Rc5 Rf7 54. Kxc4 Rf3 55. Kd4 Rf1 56. Ke3 Rf8 57. Bf4 Ra8 58. Kf3 Ra4 59. Kg4 Kf6 60. Rh5 1-0

[Event "Muensterland Verbandsklasse-B 1011"]
[Site "Germany"]
[Date "2010.11.13"]
[Round "3.1"]
[White "Sicking, Norbert"]
[Black "Schulze Schwering, Philipp"]
[Result "1/2-1/2"]
[WhiteElo "1761"]
[BlackElo "1962"]
[PlyCount "205"]
[EventDate "2010.09.18"]
[EventType "team-tourn"]
[EventRounds "9"]
[EventCountry "GER"]
[SourceTitle "EXT 2012"]
[Source "ChessBase"]
[SourceDate "2011.11.24"]
[SourceVersion "1"]
[SourceVersionDate "2011.11.24"]
[SourceQuality "1"]
[WhiteTeam "Heiden II"]
[BlackTeam "Borken"]
[WhiteTeamCountry "GER"]
[BlackTeamCountry "GER"]

1. Nf3 d5 2. d4 Nf6 3. g3 c5 4. c3 Nc6 5. Bg2 e6 6. 0-0 Be7 7. Bg5 Qb6 8. b3 h6 9. Be3 0-0 10. dxc5 Bxc5 11. Bxc5 Qxc5 12. Nd4 e5 13. Nxc6 bxc6 14. Qc1 Ba6 15. Re1 Rad8 16. Nd2 Rfe8 17. e3 Qb6 18. c4 Kh8 19. Bf1 Bb7 20. c5 Qc7 21. a4 Qe7 22. b4 Rc8 23. Qc2 Nd7 24. Nb3 e4 25. Bh3 Ne5 26. Nd4 Rc7 27. Reb1 Ba6 28. Bf1 Bd3 29. Bxd3 Nxd3 30. Rb3 Rb8 31. Rab1 Ne5 32. Kg2 g6 33. Qc3 Kh7 34. Qc2 h5 35. h4 Nd3 36. a5 a6 37. Qe2 Qd7 38. f4 f5 39. Qd2 Rcb7 40. Qc3 Kg8 41. Qd2 Kf7 42. Qc3 Rf8 43. Kf1 Ke8 44. Ke2 Kd8 45. Nc2 Qe7 46. Ne1 Nxe1 47. Kxe1 Rb5 48. Qd4 Kd7 49. Kd2 Ke8 50. Kc3 Kf7 51. Rf1 Re8 52. Rd1 Rbb8 53. Qd2 Rbd8 54. Qd4 Qb7 55. Rb2 Qb5 56. Kb3 Qc4+ 57. Ka3 Qb5 58. Qc3 Re7 59. Qd4 Rb8 60. Rdb1 Qb7 61. Kb3 Qc7 62. Kc3 Rb5 63. Kd2 Re8 64. Kc3 Reb8 65. Kd2 R8b7 66. Ke2 Qb8 67. Kd2 Rd7 68. Ke2 Qe8 69. Kd2 Rb8 70. Kc3 Qe7 71. Kd2 Rbd8 72. Kc3 Qe6 73. Rh1 Kg8 74. Rbh2 Rf7 75. Rb2 Qe7 76. Rhb1 Kh7 77. Ra2 Rb8 78. Rab2 Qb7 79. Kb3 Qb5 80. Ka3 Re7 81. Rd1 Kg8 82. Rdb1 Qd3+ 83. Rb3 Qxd4 84. exd4 e3 85. Re1 e2 86. Kb2 Rbe8 87. Kc2 Re3 88. Rxe3 Rxe3 89. Kd2 Rxg3 90. Rxe2 Kf7 91. Kc2 Rf3 92. b5 axb5 93. Kb2 b4 94. Re1 Ra3 95. Ra1 Re3 96. a6 Re8 97. a7 Ra8 98. Kb3 Ke7 99. Kxb4 Kd7 100. Ra6 Kc7 101. Kc3 Kb7 102. Rb6+ Kc7 103. Ra6 1/2-1/2

[Event "Muensterland Verbandsklasse-A 0708"]
[Site "Germany"]
[Date "2007.09.22"]
[Round "1.3"]
[White "Monsma, Menno"]
[Black "Sicking, Norbert"]
[Result "1-0"]
[WhiteElo "1899"]
[BlackElo "1804"]
[PlyCount "41"]
[EventDate "2007.09.22"]
[EventType "team"]
[EventRounds "9"]
[EventCountry "GER"]
[SourceTitle "EXT 2009"]
[Source "ChessBase"]
[SourceDate "2008.11.26"]
[SourceVersion "1"]
[SourceVersionDate "2008.11.26"]
[SourceQuality "1"]
[WhiteTeam "Gronau"]
[BlackTeam "Heiden II"]
[WhiteTeamCountry "GER"]
[BlackTeamCountry "GER"]

1. e4 d6 2. d4 g6 3. Nf3 Bg7 4. Be2 Nf6 5. Nc3 0-0 6. 0-0 Nbd7 7. e5 dxe5 8. dxe5 Ng4 9. e6 fxe6 10. Ng5 Nxf2 11. Rxf2 Nc5 12. Rxf8+ Qxf8 13. Be3 Na6 14. Bc4 c6 15. Bxe6+ Bxe6 16. Nxe6 Qf5 17. Nxg7 Kxg7 18. Qd2 b6 19. Rf1 Qg4 20. Bh6+ Kg8 21. Qf2 1-0